Racionalizácia vybraného ubytovacieho zariadenia (hotel) diplomová práca

Saved in:
Bibliographic Details
Main Author: Biskupičová, Zuzana
Corporate Author: Obchodná fakulta EU. Katedra služieb a cestovného ruchu - zrušené
Other Authors: Staňo, Roman
Format: Book
Language:Slovak
Published: Bratislava 2015
Tags: Add Tag
No Tags, Be the first to tag this record!

MARC

LEADER 00000nbm a2200000 4500
001 0201414
005 20161212103624.1
041 0 |a slo 
044 |a SK 
245 1 0 |a Racionalizácia vybraného ubytovacieho zariadenia (hotel)  |b diplomová práca  |c Zuzana Biskupičová ; školiteľ: Roman Staňo 
264 1 |a Bratislava  |c 2015 
300 |a 70 s. 
100 1 |a Biskupičová, Zuzana 
700 1 |a Staňo, Roman 
710 2 |a Obchodná fakulta EU. Katedra služieb a cestovného ruchu - zrušené